| 000 | 01491nam a2200397 c 4500 | ||
|---|---|---|---|
| 999 |
_c41230 _d41230 |
||
| 003 | BLK | ||
| 005 | 20250621110726.0 | ||
| 008 | 180408b bul|||||r ||||||| ||bul|| | ||
| 010 | _aKNG00044775000 | ||
| 020 | _a9789540126043 | ||
| 040 | _aBLK | ||
| 041 |
_aBUL _cBUL |
||
| 072 | 7 |
_2bullib _aН80 _xЕзикознание Н |
|
| 080 |
_aБългарски език _b811.163.2 _x-1(035) _z811.163.2-1(035) |
||
| 139 |
_aПравопис и пунктуация на българския език _bП 84 |
||
| 245 | 1 | 0 |
_aПравопис и пунктуация на българския език _bОсн. правила _cред. Мария Бунева-Стойкова. |
| 257 | _aBGR | ||
| 260 |
_bПросвета _c2011 _fСофия : Д. Благоев _aСофия |
||
| 300 |
_a176 с. _c22 см |
||
| 380 | _a80 | ||
| 500 | _aИзд. на БАН. Инст. за бълг. ез. Проф. Л. Андрейчин | ||
| 650 | 4 |
_aБългарски език - правопис и пунктуация _9263933 |
|
| 653 | _aправопис | ||
| 653 | _aпунктуация | ||
| 653 | _aбългарски език | ||
| 653 | _aправила | ||
| 659 | _aН | ||
| 700 | 1 |
_aБунева-Стойкова, Мария Симеонова _eред. _9277591 |
|
| 852 | _aЦб 254100 | ||
| 856 | 4 | _qpdf | |
| 856 | 4 | _qpdf | |
| 942 |
_cKNG _n0 _022 _s1 |
||
| 944 |
_aCR _c20.12.2011 _k30534 _lРадостина Карадакова |
||
| 944 |
_aED _c16.08.2013 |
||
| 999 | _d41230 | ||